000 00401nam a22001457a 4500
005 20200619160318.0
008 200619b xxu||||| |||| 00| 0 eng d
082 _a345.4 LIC
110 _aALL INDIA REPORTER
_96255
245 _aTHELABOUR AND INDUSTRIAL CASES [2014] V-II ( APRIL - JUNE)
260 _aMUMBAI
_bALL INDIA REPORTER Pvt.Ltd
_c2014
300 _a2400
650 _aLAW
_95701
942 _cJRL
999 _c7349
_d7347